| 000 | 00706nam a2200217 i 4500 | ||
|---|---|---|---|
| 001 | 189967 | ||
| 003 | ES-MaACL | ||
| 005 | 20240423093821.0 | ||
| 007 | t| | ||
| 008 | 200227s1969 sp ||||1| spa d | ||
| 100 | 1 |
_aGuillén, Nicolás, _d1902-1989 _960771 |
|
| 245 | 1 | 3 |
_aEl gran zoo / _cNicolás Guillén ; ilustraciones de Francés Todó. |
| 260 |
_aMadrid : _bCiencia Nueva, _c1969. |
||
| 300 |
_a71 p. ; _c21 cm. |
||
| 490 | 1 |
_aEl Bardo. Colección de poesía. Serie especial ; _v4 |
|
| 700 | 0 |
_aTodò, Francesc. _9110408 |
|
| 830 | 3 |
_aEl Bardo, colección de poesía. Serie especial ; _v4 _9193474 |
|
| 852 |
_aES-MaACL _jP-1395-4 |
||
| 942 | _2udc | ||
| 999 |
_c189967 _d189967 |
||